BIOCHEMISTRY AND CLINICAL PATHOLOGY (Record no. 2600)

MARC details
000 -LEADER
fixed length control field 00373nam a2200145Ia 4500
008 - FIXED-LENGTH DATA ELEMENTS--GENERAL INFORMATION
fixed length control field 150201s2003 xx 000 0 und d
082 ## - DEWEY DECIMAL CLASSIFICATION NUMBER
Classification number 612.015
Item number B2003S
100 ## - MAIN ENTRY--PERSONAL NAME
Personal name SIDDIQU A.A
245 ## - TITLE STATEMENT
Title BIOCHEMISTRY AND CLINICAL PATHOLOGY
250 ## - EDITION STATEMENT
Edition statement 1ST
260 ## - PUBLICATION, DISTRIBUTION, ETC. (IMPRINT)
Name of publisher, distributor, etc. TARA PUBLISHERS
Place of publication, distribution, etc. SHAHDARA (NEW DELHI)
Date of publication, distribution, etc. 2003
300 ## - PHYSICAL DESCRIPTION
Extent 1-154
650 ## - SUBJECT ADDED ENTRY--TOPICAL TERM
Topical term or geographic name as entry element BIOCHEMISTRY
942 ## - ADDED ENTRY ELEMENTS (KOHA)
Source of classification or shelving scheme Dewey Decimal Classification
Koha item type Books
Holdings
Withdrawn status Lost status Source of classification or shelving scheme Damaged status Not for loan Home library Current library Date acquired Source of acquisition Cost, normal purchase price Serial Enumeration / chronology SGTU Bill Number Total Checkouts Full call number Barcode Date last seen Bill Date Koha item type Date last checked out
    Dewey Decimal Classification     SGT Dental Library SGT Dental Library 13/07/2003 U.B.S.DELHI 60.00 1 SGTU 279   612.015 B2003S FD630 09/02/2015 02/02/2012 Books  
    Dewey Decimal Classification     SGT Dental Library SGT Dental Library 13/07/2003 U.B.S.DELHI 60.00 1 SGTU 279   612.015 B2003S FD631 09/02/2015 02/02/2012 Books  
    Dewey Decimal Classification     SGT Dental Library SGT Dental Library 13/07/2003 U.B.S.DELHI 60.00 1 SGTU 279   612.015 B2003S FD632 09/02/2015 02/02/2012 Books  
    Dewey Decimal Classification     SGT Dental Library SGT Dental Library 13/07/2003 U.B.S.DELHI 60.00 1 SGTU 279   612.015 B2003S FD633 09/02/2015 02/02/2012 Books  
    Dewey Decimal Classification     SGT Dental Library SGT Dental Library 13/07/2003 U.B.S.DELHI 60.00 1 SGTU 279 1 612.015 B2003S FD634 08/04/2025 02/02/2012 Books 08/04/2025
    Dewey Decimal Classification     SGT Dental Library SGT Dental Library 13/07/2003 U.B.S.DELHI 60.00 1 SGTU 279   612.015 B2003S FD645 09/02/2015 02/02/2012 Books